Party in the USA lyrics - Statistics

General Stats
  • This quiz has been taken 41 times
  • The average score is 89 of 126
Answer Stats
Hint Answer % Correct
lyric I
100%
lyric i
100%
llyriclyric | lyric a
94%
lyric in
94%
llyric | lyric the
94%
lyric so
89%
lyric So
89%
llyric | lyric my
86%
lyric My
86%
llyric | lyric to
86%
llyric | lyric and
83%
lyric And
83%
lyric crazy
77%
lyric Everybody
74%
lyric gonna
74%
lyric is
74%
llyric LAX
74%
lyric of
74%
lyric see
74%
lyric Am
71%
lyric am
71%
llyric at
71%
lyric famous
71%
lyric Hollywood
71%
lyric I'm
71%
llyric land
71%
lyric Look
71%
lyric on
71%
lyric party
71%
lyric sign
71%
lyric song
71%
lyric This
71%
lyric USA
71%
lyric all
69%
llyric cardigan
69%
llyriclyric dream
69%
lyric fit
69%
lyric here
69%
lyric homesick
69%
lyric it's
69%
lyric nervous
69%
llyric plane
69%
lyric pressure
69%
lyric right
69%
llyric Welcome
69%
llyric With
69%
lyric first
66%
lyric for
66%
lyric hands
66%
lyric time
66%
lyric up
66%
lyric fame
63%
lyricl hopped
63%
lyric kinda
63%
lyric seems
63%
lyric Yeah
63%
lyric Feeling
60%
lyric much
60%
llyric off
60%
lyric taxi
60%
lyric Too
60%
lyric cab
57%
lyric radio
57%
lyric Jumped
54%
lyric excess
51%
lyric playing
51%
lyric tummy's
51%
lyric turning
51%
lyric when
49%
lyric was
46%
lyric Jay-Z
43%
lyric man
43%
lyric They
43%
lyric be
40%
lyric they're
40%
lyric ok
37%
lyric That's
34%
lyric know
31%
lyric woah
17%
lyric I put
11%
lyric turmed
0%
No matching quizzes found
Score Distribution
Percent of People with Each Score
Percentile by Number Answered
Your Score History
You have not taken this quiz